| 000 | 00590nam a2200157Ia 4500 | ||
|---|---|---|---|
| 008 | 230917s9999||||xx |||||||||||||| ||und|| | ||
| 020 | _cRS2495 | ||
| 040 |
_e239566 _aMAIN |
||
| 041 | _aEnglish | ||
| 082 | _a891.431731 CS397:GR | ||
| 100 | _aगुप्ता, रुपा. सम्पा. | ||
| 245 | 0 | _aसुभद्रा कुमारी चौहान ग्रंथावली (2 भागों मे) | |
| 260 |
_aस्वराज प्रकाशन _bनई दिल्ली _c2015 |
||
| 500 | _a2710 30/03/2017 HBD17/6964 29/05/2017 Main Budget | ||
| 942 | _cHN | ||
| 999 |
_c22549 _d22549 |
||